| 000 | 01568nam a22002777a 4500 | ||
|---|---|---|---|
| 001 | BRCA_9268 | ||
| 003 | FranzMayer | ||
| 005 | 20230719123421.0 | ||
| 008 | 230719b |||||||| |||| 00| 0 eng d | ||
| 040 |
_aMFM _besp _cMFM |
||
| 050 | 4 |
_aCO65 _bG37 1805 |
|
| 082 | _2CD.A38 | ||
| 100 | 1 |
_4Autor _aGarriga, Don Josef _928854 |
|
| 240 | 1 |
_aContinuacion y suplemento del prontuario de D. Severo Aguirre _hQue comprende las cédulas, resoluciones &c. expedidas el año de 1804 y algunas de las anteriores _lespaño |
|
| 245 | 0 |
_aContinuacion y suplemento del prontuario de D. Severo Aguirre _bQue comprende las cédulas, resoluciones &c. expedidas el año de 1804 y algunas de las anteriores |
|
| 260 |
_aMadrid, España _bImprenta de Ruiz _c1805 |
||
| 300 |
_a463 p _c21 cm |
||
| 500 | _aCon privilegio de la Corona Española | ||
| 500 | _aLa página 43 lleva el nombre de Bandera de Buenos-Ayres y sobresale debido a que es el doble del tamaño de las demás | ||
| 500 | _aAnotaciones al inicio del libro con lápiz | ||
| 500 | _aEntre la páginas 52 y 53 un material fue arrancado del libro dejando solo unas pequeñas marcas del mismo, posiblemente un material complementario ya que no afecta la numeración | ||
| 505 | 0 | _aTexto en: españolDirigido a: Historiadores, sociólogos, antropólogos o cualquier otra persona con interés en las tierras de Aguirre o de la Corona Española en el siglo XIX.Incluye índice temático | |
| 650 | 1 |
_2Diplomacia _aArchivos _vProntuario _928855 |
|
| 651 |
_2Prontuario _aCédulas _vAguirre _928856 |
||
| 942 |
_2lcc _cB |
||
| 999 |
_c10887 _d10887 |
||